000 01066nam a2200229 u 4500
001 000587519
003 AM-YeHGA
005 20250617141432.0
008 080624s1988 ||| r 000 0 rus d
020 _a5288000220
040 _aAM-YeHGA
041 0 _arus
245 0 0 _aИсторико-археологическое изучение Древней Руси :
_bИтоги и основные проблемы /
_cЛГУ им. А.А. Жданова; Под ред. И.В. Дубова.
260 _aЛенинград :
_bИзд-во ЛГУ,
_c1988.
300 _a233 с. :
_bил.
440 0 _aСлавяно-русские древности
_vВып. 1
653 0 _aАрхеологические памятники - Европейская часть СССР
653 0 _aСССР - История, 9-15 вв. - Сборники
700 1 _aДубов, Игорь Васильевич
_eред.
_4edt
710 2 _aЛенинградский государственный университет им. А. А. Жданова
090 _c240250
999 _c238678
_d238678